A bundle of flowers from the garden of traditions of the Prophet & Ahlul-bayt / (Record no. 18657)
[ view plain ]
| 000 -LEADER | |
|---|---|
| fixed length control field | 01189cam a2200349 a 4500 |
| 001 - CONTROL NUMBER | |
| control field | 12245792 |
| 003 - CONTROL NUMBER IDENTIFIER | |
| control field | BDDh-ASL |
| 005 - DATE AND TIME OF LATEST TRANSACTION | |
| control field | 20231015025723.0 |
| 008 - FIXED-LENGTH DATA ELEMENTS--GENERAL INFORMATION | |
| fixed length control field | 001101s1998 ir b 001 0 eng |
| 010 ## - LIBRARY OF CONGRESS CONTROL NUMBER | |
| LC control number | 99904965 |
| 035 ## - SYSTEM CONTROL NUMBER | |
| System control number | (DLC) 99904965 |
| 040 ## - CATALOGING SOURCE | |
| Original cataloging agency | DLC |
| Transcribing agency | DLC |
| Modifying agency | BDDh-ASL |
| 041 1# - LANGUAGE CODE | |
| Language code of text/sound track or separate title | engara |
| Language code of original | ara |
| 042 ## - AUTHENTICATION CODE | |
| Authentication code | lcode |
| -- | pcc |
| 050 00 - LIBRARY OF CONGRESS CALL NUMBER | |
| Classification number | BP193.26 |
| Item number | .B85 1998 |
| 082 ## - DEWEY DECIMAL CLASSIFICATION NUMBER | |
| Classification number | 297.01 |
| Item number | BUN |
| 245 02 - TITLE STATEMENT | |
| Title | A bundle of flowers from the garden of traditions of the Prophet & Ahlul-bayt / |
| Statement of responsibility, etc. | compiled by Kamal Faghih Imanī ; translated by Sayyid Abbas Sadr-ʻamelī ; edited by Celeste Smith. |
| 250 ## - EDITION STATEMENT | |
| Edition statement | 2nd ed. |
| 260 ## - PUBLICATION, DISTRIBUTION, ETC. | |
| Place of publication, distribution, etc. | Isfahan : |
| Name of publisher, distributor, etc. | Amir-ul-Muʾmineen Ali Library, |
| Date of publication, distribution, etc. | 1998. |
| 300 ## - PHYSICAL DESCRIPTION | |
| Extent | 264 p. ; |
| Dimensions | 22 cm. |
| 504 ## - BIBLIOGRAPHY, ETC. NOTE | |
| Bibliography, etc. note | Includes bibliographical references (p. 247-251) and indexes. |
| 546 ## - LANGUAGE NOTE | |
| Language note | In English and Arabic. |
| 650 #0 - SUBJECT ADDED ENTRY--TOPICAL TERM | |
| Topical term or geographic name entry element | Hadith (Shiites) |
| General subdivision | Texts. |
| 650 #0 - SUBJECT ADDED ENTRY--TOPICAL TERM | |
| Topical term or geographic name entry element | Shīʻah |
| General subdivision | Doctrines. |
| 650 #0 - SUBJECT ADDED ENTRY--TOPICAL TERM | |
| Topical term or geographic name entry element | Religious life |
| General subdivision | Shīʻah. |
| 700 1# - ADDED ENTRY--PERSONAL NAME | |
| Personal name | Faghih Imani, Kamal. |
| 700 1# - ADDED ENTRY--PERSONAL NAME | |
| Personal name | Sadr-ʻāmelī, Abbas. |
| 700 1# - ADDED ENTRY--PERSONAL NAME | |
| Personal name | Smith, Celeste. |
| 906 ## - LOCAL DATA ELEMENT F, LDF (RLIN) | |
| a | 7 |
| b | cbc |
| c | origode |
| d | 4 |
| e | ncip |
| f | 19 |
| g | y-gencatlg |
| 942 ## - ADDED ENTRY ELEMENTS (KOHA) | |
| Source of classification or shelving scheme | Dewey Decimal Classification |
| Koha item type | Books |
| Withdrawn status | Lost status | Source of classification or shelving scheme | Damaged status | Not for loan | Collection code | Home library | Current library | Shelving location | Date acquired | Source of acquisition | Total Checkouts | Full call number | Barcode | Date last seen | Copy number | Price effective from | Koha item type |
|---|---|---|---|---|---|---|---|---|---|---|---|---|---|---|---|---|---|
| Dewey Decimal Classification | Non-fiction | Asiatic Society Library | Asiatic Society Library | General Stacks | 10/18/2020 | Complementary | 297.01 BUN | 101864 | 10/18/2020 | C-1 | 10/18/2020 | Books |